00000000nas 2200000zi 4500
0019.819834
003CaOODSP
00520221107143049
006m     o  d f      
007cr |||||||||||
008160621c20149999oncar p o    f0   b0fre|d
022 |a2371-2546|z2369-1395
040 |aCaOODSP|bfre|erda|cCaOODSP
043 |an-cn---
0861 |aCi1-21F-PDF
1102 |aProgramme de passeport (Canada)
222 0|aRapport annuel |b(Programme de passeport (Canada))
24510|aRapport annuel …
24613|aRapport annuel de Programme de passeport pour ...
264 1|a[Ottawa] : |bCitoyenneté et immigration Canada = Citizenship and Immigration Canada, |c[2015]-
310 |aAnnuel
336 |atexte|btxt|2rdacontent/fre
337 |ainformatique|bc|2rdamedia/fre
338 |aressource en ligne|bcr|2rdacarrier/fre
3621 |aParaît depuis 2013-2014.
500 |aPublié aussi en anglais sous le titre : Annual report …
515 |aL'année d'activité se termine le 31 mars.
550 |aPublié 2016- par Immigration, réfugiés et citoyenneté Canada.
588 |aDescription d'après : 2013-2014.
588 |aDernière livraison consultée : 2017-2018.
61026|aProgramme de passeport (Canada)|vPériodiques.
650 6|aPasseports|xPolitique gouvernementale|zCanada|vPériodiques.
7101 |aCanada. |bCitoyenneté et immigration Canada.
7101 |aCanada. |bImmigration, réfugiés et citoyenneté Canada.
77508|tAnnual report ... |w(CaOODSP)9.819831
78000|tRapport annuel |w(CaOODSP)9.502325